UMK-finalistit 2012-2024 - Statistics

Yleistilastot
  • Tätä visaa on pelattu 73 kertaa
  • Keskiarvotulos 31 / 90
Vastaustilastot
Vuosi Kappale Artisti % Oikein
2023 Cha Cha Cha Käärijä
92%
2023 Ylivoimainen Kuumaa
88%
2024 Paskana Sara Siipola
87%
2022 Ram pam pam BESS
85%
2024 Mania Sexmane
85%
2023 Hoida mut Benjamin
83%
2021 Dark Side Blind Channel
83%
2024 Kuori mua Sini Sabotage
83%
2022 Jezebel The Rasmus
80%
2024 No Rules! Windows95man
80%
2020 Cicciolina Erika Vikman
78%
2023 Girls Like You Robin Packalen
78%
2023 Samaa taivasta katsotaan Portion Boys
77%
2022 Hurricane Cyan Kicks
73%
2024 Dancing With Demons Cyan Kicks
73%
2023 No Business on the Dancefloor Keira
70%
2022 Kuuma jäbä Isaac Sene
67%
2016 No Fear Saara Aalto
67%
2018 Monsters Saara Aalto
67%
2018 Domino Saara Aalto
67%
2018 Queens Saara Aalto
67%
2021 Kelle mä soitan Ilta
63%
2022 Elämä kantaa mua Tommi Läntinen
63%
2021 Sinä päivänä kun kaikki rakastaa mua Danny
62%
2024 Glow Jesse Markin
60%
2021 I Love You Teflon Brothers & Pandora
57%
2020 Looking Back Aksel Kankaanranta
50%
2019 Release Me Darude feat. Sebastian Rejman
50%
2019 Superman Darude feat. Sebastian Rejman
50%
2019 Look Away Darude feat. Sebastian Rejman
50%
2021 Hurt Aksel
48%
2015 Aina mun pitää Pertti Kurikan Nimipäivät
48%
2013 Marry Me Krista Siegfrids
47%
2023 Something to Lose Lxandra
47%
2022 Sun numero Younghearted
47%
2021 Play Laura
42%
2024 Vox populi Mikael Gabriel x Nublu
42%
2014 Something Better Softengine
40%
2022 Thank God I'm an Atheist Olivera
37%
2016 Sing It Away Sandhja
35%
2017 Blackbird Norma John
33%
2021 Lie Oskr
32%
2012 När jag blundar Pernilla Karlsson
30%
2020 Lover View Sansa
23%
2016 Draamaa Eini
22%
2012 Laululeija Stig
22%
2020 Bananas F3M
20%
2020 Let My Heart Break Tika
20%
2016 Love is Blind Cristal Snow
17%
2013 We Should Be Through Mikael Saari
15%
2016 On It Goes Mikael Saari
15%
2017 Perfect Villain Zühlke
15%
2017 Love Yourself Günther & D'Sanz
13%
2014 Sängyn reunalla Mikko Pohjola
13%
2015 Crossroads Satin Circus
13%
2017 My Little World Club La Persé
12%
2013 Colliding Into You Diandra
10%
2017 Circle of Light Emma
10%
2017 Paradise My First Band
10%
2015 Ostarilla Shava
10%
2017 Arrows Alva
8%
2015 All for Victory Angelo De Nile
8%
2017 Reach Out for The Sun Anni Saikku
8%
2015 Lions and Lambs Jouni Aslak
8%
2015 Heart of Light Opera Skaala
8%
2015 Hold Your Colors Solju
8%
2016 Good Enough Annica Milan & Kimmo Blom
7%
2014 Selja Hukka ja Mama
7%
2015 Särkyneiden sydänten kulmilla Järjestyshäiriö
7%
2014 God/Drug MIAU
7%
2016 Ain't Got Time for Boys Stella Christine
7%
2016 Don't Wake Me Up Tuuli Okkonen
7%
2013 Lost Arion
5%
2016 Let Me Out Barbe-Q-Barbies
5%
2014 Top of the World Clarissa ft. Josh Standing
5%
2012 Habits of Humans Beings Kaisa Vala
5%
2014 Going Down Lauri Mikkola
5%
2017 Helppo elämä Lauri Yrjölä
5%
2012 Lasikaupunki Ville Eetvartti
5%
2020 Eternity Catharina Zühlke
3%
2013 He's Not My Man Elina Orkoneva
3%
2013 Flags Great Wide North
3%
2014 Hope Hanna Sky
3%
2012 We Are The Night Iconcrash
3%
2013 Saturday Night Forever Last Panda
3%
2013 Dancing All Around The Universe Lucy Was Driving
3%
2012 Antaa mennä Mica Ikonen
3%
2014 Shining Bright Madcraft
2%
2015 No Voy a Ilorar por Ti Norlan El Misionario
2%
2017 Caveman Knucklebone Oscar & The Shangri-La Rubies
0%
Ehtoja vastaavia visoja ei löytynyt
Tulosjakauma
Jokaisen tuloksen saaneiden osuus
Persentiili vastausten määrän mukaan
Tuloshistoriasi
Et ole pelannut tätä visaa